000 00633nam a2200229Ia 4500
003 OSt
005 20220918203252.0
006 a|||||r|||| 00| 0
007 ta
008 220917b |||||||| |||| 00| 0 eng d
024 _a107,136
037 _cTextual
040 _aARTS
_cARTS
_beng
041 _2eng
_aeng
082 _aV3,3.K29<-K21, L9-;1
100 _aRussell Conard
_9107653
245 0 _aParliaments and English politics 1621-1629
260 _aOxford
_bClarendon Press
_c1979
650 _aHISTORY
942 _hV3,3.K29<-K21, L9-;1
_cTEXL
_2CC
999 _c230494
_d230494